Logo BPK

Bibliografia Prac Pracowników

Politechniki Koszalińskiej

Analiza wpływu postaci funkcji celu i warunków ograniczających na wyniki optymalizacji czołowego szlifowania płaszczyzn / (Rekord nr 5431)

Szczegóły MARC
000 -ETYKIETA REKORDU
podpole kontrolne o stałej długości 01561naa a2200265 i 4500
001 - NUMER KONTROLNY REKORDU
podpole kontrolne BPP
003 - IDENTYFIKATOR NUMERU KONTROLNEGO REKORDU
podpole kontrolne BPK
005 - DATA OSTATNIEJ MODYFIKACJI REKORDU
podpole kontrolne 20190606151715.0
008 - POLE O STAŁEJ DŁUGOŚCI - DANE KONTROLNE
podpole kontrolne o stałej długości 141027s1978 pl f |100 0 pol
040 ## - ŹRÓDŁO KATALOGOWANIA
Instytucja, która utworzyła rekord BPK
080 ## - UNIWERSALNA KLASYFIKACJA DZIESIĘTNA - UKD
UKD 621.92
100 ## - NAZWA OSOBOWA
Nazwa osobowa KACALAK, Wojciech.
Lata pracy 1970 - 1996.
Instytucja Wyższa Szkoła Inżynierska w Koszalinie - Instytut Techniki Wytwarzania,
Wydział Zakład Obróbki Skrawaniem
245 ## - TYTUŁ/ODPOWIEDZIALNOŚĆ
Tytuł Analiza wpływu postaci funkcji celu i warunków ograniczających na wyniki optymalizacji czołowego szlifowania płaszczyzn /
Pozostałe elementy strefy tytułu i oznaczenia odpowiedzialności Wojciech Kacalak, Bronisław Słowiński.
260 ## - STREFA ADRESU WYDAWNICZEGO
Data publikacji, dystrybucji/powstania dokumentu 1978.
500 ## - UWAGI OGÓLNE
Tekst uwagi Dane z autopsji.
520 ## - UWAGA DOTYCZĄCA TREŚCI DOKUMENTU
Analiza dokumentacyjna, adnotacja itp. W referacie omówiono problemy optymalizacji czołowego, wysokowydajnego szlifowania płaszczyzn. Zwrócono uwagę na to, że od wymagań dotyczących dokładności obróbki oraz warunków szlifowania zależy postać określonej funkcji celu. Podano modele matematyczne kryteriów optymalizacji. Były nimi produkcyjna wydajność oraz koszt operacji.
650 #0 - HASŁO PRZEDMIOTOWE W FORMIE NAZWY OGÓLNEJ LUB JEDNOSTKOWEJ
Nazwa ogólna lub geograficzna Powierzchnia.
650 #0 - HASŁO PRZEDMIOTOWE W FORMIE NAZWY OGÓLNEJ LUB JEDNOSTKOWEJ
Nazwa ogólna lub geograficzna Optymalizacja.
655 #0 - TERMIN INDEKSOWY - OKREŚLENIE RODZAJU/FORMY DOKUMENTU
Określnie rodzaju/formy dokumentu Materiały konferencyjne.
650 #0 - HASŁO PRZEDMIOTOWE W FORMIE NAZWY OGÓLNEJ LUB JEDNOSTKOWEJ
Nazwa ogólna lub geograficzna Szlifowanie
700 ## - HASŁO DODATKOWE - NAZWA OSOBOWA
Nazwa osobowa SŁOWIŃSKI, Bronisław.
Lata pracy 1972 - 1996.
Instytucja Wyższa Szkoła Inżynierska w Koszalinie - Instytut Techniki Wytwarzania,
Wydział Zakład Obróbki Skrawaniem
773 ## - TYTUŁ DOKUMENTU MACIERZYSTEGO
Wyrażenie wprowadzające W :
Tytuł Postępy w technice wytwarzania. Cz. 1, Narzędzia i technologia obróbki ściernej. -
Informacje dotyczące relacji 1978, s. 132-146
711 ## - HASŁO DODATKOWE - NAZWA IMPREZY
Nazwa imprezy Konferencja Naukowo-Techniczna "Postępy w technice wytwarzania"
Data imprezy (1978 ;
Miejsce imprezy Kołobrzeg, Polska).
942 ## - HASŁO DODATKOWE - ELEMENTY(KOHA)
Typ dokumentu Artykuł
Schemat klasyfikacji Uniwersalna klasyfikacja dziesiętna
Egzemplarze
Wycofany Zagubiony Uszkodzony Dostępność Lokalizacja stała Lokalizacja bieżąca Sygnatura Typ dokumentu
      Dostępny Bibliografia Prac Pracowników - BPK Bibliografia Prac Pracowników - BPK 25774 Artykuł
© 2014 Biblioteka Politechniki Koszalińskiej :: BIBLIOGRAFIA PRAC PRACOWNIKÓW